00638 2200217 4500001002100000005001700021008004100038020002200079035002400101040001200125082000800137090001800145100001900163245010800182260003100290300003000321504002600351650001000377850001200387999002100399YOGYA-1012000000010920121009100032.0 ind  a978-979-29-2254-7 0010-101200000000109 aYOPDYOG a500 aDEP 500 AGU s aAGUS KAMALUDIN aSuper Pintar IPA SD kelas 3,4,5,6: Jurusan cepat kuasai IPA/cAgus Kamaludin; editor, Martha Ninan K.-- aYogyakartab9- Mediac2012 aVIII, 98 hlmbILusc19 cm aBibiliografi: hlm. 98 aSains aYOPDYOG aCB-D.11 2012-849